1060 1246 1595 1175 1326 1792 1363 1422 1894 1055 1601 1715 1105 1157 1714 1875 1952 1060 1473 1203 1281 1091 1550 1293 1778 1898 1275 1505 1386 1443 1832 1875 1439 1330 1172 1712 1527 1098 1316 1521 1741 1473 1031 1397 1639 1518 1157 1254 1329 1508 1117 1956 1022 1722 1446 1433 1662 1202 1883 1110 1438 1993 1021 1191 1832 1852 1919 1594 1861 1280 1559 1493 1620 1914 1294 1024 1653 1328 1264 1023 1217 1044 1683 1077 1955 1851 1071 1734 1039 1193 1670 1066 1235 1997 1913 1595 1896 1266 1278 BCNSPRNW ULIB Ver.6.0+V

เปลี่ยนเป็นภาษาไทย

Change to English
 แสดงรายละเอียดบรรณานุกรม
  กลับหน้าหลัก

Brief Record : Get Marc (ISO 2709) : E-mail record : QR code < ปิดหน้าต่าง
LEADER : 00000nam 2200000uu 4500
001    13399126462
003     ULIB
008    180918s2560||||th 000 0 tha d
020    ^a9786164260351
050 04 ^aH62.15^bน347ก
100 0  ^aนิทรา กิจธีระวุฒิวงษ์,^eผู้แต่ง
245 10 ^aการวิจัยทางสาธารณสุข :^bจากหลักการสู่การปฏิบัติ /^cนิทรา กิจธีระวุฒิวงษ์
246 31 ^aPublic health research :^bfrom principle to practice
260    ^aพิษณุโลก :^bสำนักพิมพ์มหาวิทยาลัยนเรศวร,^c2560
300    ^a345 หน้า ;^c26 ซม
650  4 ^aสาธารณสุข^xวิจัย
650  4 ^aสาธารณสุขศาสตร์^xวิจัย
945    ^p450^l0^i26673
945    ^p450^l0^i26672
999    ^aกัณชพร จุลอักษร
รายการนี้ยังไม่มีแท็ก
คุณยังไม่ได้ล็อกอิน คุณสามารถมีกิจกรรมร่วมกับเว็บไซต์ได้ แต่ต้องล็อกอินก่อน ::
  ล็อกอิน

รายการสื่อสารสนเทศ

ลำดับที่ ประเภท เลขเรียก/บาร์โค้ด สถานที่ สถานะ
1. หนังสือสำรอง
หนังสือสำรอง
H62.15 น347ก ฉ.1 
  Barcode: 26672
ห้องสมุดวิทยาเขตนครสวรรค์
►หนังสือทั่วไป:l:General Books
บนชั้น
2. วิทยาศาสตร์การแพทย์ และสุขภาพ
วิทยาศาสตร์การแพทย์ และสุขภาพ
H62.15 น347ก ฉ.2 
  Barcode: 26673
ห้องสมุดวิทยาเขตนครสวรรค์
►หนังสือทั่วไป:l:General Books
บนชั้น

รายการใกล้เคียง
    หัวเรื่อง [สาธารณสุข วิจัย]

BibComment


ยังไม่เคยถูกคอมเมนท์

คอมเมนท์ทรัพยากรรายการนี้
  คอมเมนท์: การวิจัยทางสาธาร..


 Copyright 2026. Bcnsprnw @Library